ONEUS all songs (until June 2025) - Statistics

General Stats
  • This quiz has been taken 3 times
  • The average score is 11 of 83
Answer Stats
Hint Answer % Correct
BLOOD MOON LUNA
100%
RAISE US Now
100%
Digital single(Original by Fin.K.L) Now
100%
LIGHT US Valkyrie
100%
808 808
50%
IN ITS TIME A Song Written Easily
50%
La Dolce Vita Baila Conmigo
50%
BINARY CODE BLACK MIRROR
50%
FLY WITH US Blue Sky
50%
Dopamine Dopamine
50%
BINARY CODE Happy Birthday
50%
IN ITS TIME Hide and Seek
50%
Digital single(w/ ONEWE) Last song
50%
DEVIL Leftover
50%
ONEUS THEATRE : 2NDSCENE Life is Beautiful
50%
FLY WITH US LIT
50%
RAISE US Twilight
50%
5x X
50%
LIVED Airplane
0%
808 A Thousand Stars
0%
5x BAD
0%
Digital Single BBUSYEO
0%
RAISE US BingBing
0%
TRICKSTER Bring It On
0%
LIVED COME BACK HOME
0%
BINARY CODE Connect with US
0%
LIGHT US CRAZY & CRAZY
0%
LIVED Dead Or Alive
0%
Dear.M DEVILISH LOVE
0%
LIVED Dizzy
0%
Dopamine Don’t Know Why
0%
PYGMALION ECHO
0%
RAISE US English Girl
0%
La Dolce Vita Epilogue
0%
PYGMALION ERASE ME
0%
LIGHT US EYE CONTACT
0%
TRICKSTER Firebomb
0%
TRICKSTER Fragile
0%
MALUS FULL MOON
0%
MALUS Gravitation
0%
PYGMALION Halley's Comet
0%
LIGHT US HERO
0%
Dear.M IKUK
0%
DEVIL Incomplete
0%
808 In My Arms
0%
DEVIL I.P.U
0%
Dopamine Katoki
0%
Dopamine Leader
0%
FLY WITH US Level Up
0%
DEVIL Lion Heart
0%
Twilight (Japan 1st Single) Longing
0%
808 LOST
0%
5x LOVE ME or LOSER
0%
MALUS Mermaid
0%
Twilight (Japan 1st Single) Miracle
0%
TRICKSTER Mr. Wolf
0%
DEVIL No diggity
0%
BLACK MIRROR (Japan 4th single) Only One
0%
FLY WITH US Plastic Flower
0%
BINARY CODE Polarity
0%
LIGHT US Red Thread
0%
5x RELOAD
0%
DEVIL Rewind
0%
Winter digital single (Fan song) Rupert's drop
0%
MALUS Same Scent
0%
ONEUS THEATRE : 1ST SCENE Shut Up 받고 Crazy Hot!
0%
La Dolce Vita Simulation
0%
TRICKSTER Skydivin'
0%
FLY WITH US Stand By
0%
Winter digital single(w/ ONEWE) STAY
0%
MALUS STUPID LOVE
0%
Japan Digital single TIME MACHINE
0%
LIVED TO BE OR NOT TO BE
0%
PYGMALION Unforgettable
0%
Dear.M W
0%
Dear.M We Are Young
0%
BLOOD MOON We're in Love
0%
DEVIL What you doing?
0%
RAISE US White Night
0%
BLOOD MOON Who You Are
0%
BLOOD MOON Yes Or No
0%
DEVIL Youth
0%
LIGHT US ZigZag
0%
No matching quizzes found
Score Distribution
Percent of People with Each Score
Percentile by Number Answered
Your Score History
You have not taken this quiz